Understanding organizational behavior : (Record no. 198182)
[ view plain ]
| 000 -LEADER | |
|---|---|
| fixed length control field | 00826nam a2200241Ia 4500 |
| 003 - CONTROL NUMBER IDENTIFIER | |
| control field | OSt |
| 005 - DATE AND TIME OF LATEST TRANSACTION | |
| control field | 20220209114641.0 |
| 008 - FIXED-LENGTH DATA ELEMENTS--GENERAL INFORMATION | |
| fixed length control field | 210716s2002 xx 000 0 und d |
| 020 ## - INTERNATIONAL STANDARD BOOK NUMBER | |
| International Standard Book Number | 0324100779 |
| 040 ## - CATALOGING SOURCE | |
| Transcribing agency | AIMIT LIBRARY |
| 041 ## - LANGUAGE CODE | |
| Language code of text/sound track or separate title | eng |
| 082 ## - DEWEY DECIMAL CLASSIFICATION NUMBER | |
| Classification number | 658.4 |
| Edition number | 1 |
| Item number | NELD |
| 100 ## - MAIN ENTRY--PERSONAL NAME | |
| Personal name | Nelson, Debra L. |
| 9 (RLIN) | 18375 |
| 245 ## - TITLE STATEMENT | |
| Title | Understanding organizational behavior : |
| Remainder of title | multimedia approach / |
| Statement of responsibility, etc. | By Debra L Nelson and James Campbell Quick. |
| 250 ## - EDITION STATEMENT | |
| Edition statement | 1st ed. |
| 260 ## - PUBLICATION, DISTRIBUTION, ETC. | |
| Place of publication, distribution, etc. | USA : |
| Name of publisher, distributor, etc. | South Western Thomson learning ; |
| Date of publication, distribution, etc. | 2002. |
| 300 ## - PHYSICAL DESCRIPTION | |
| Extent | xxiii, 543p ;I-15 ; |
| Dimensions | 25cm. |
| 650 ## - SUBJECT ADDED ENTRY--TOPICAL TERM | |
| Topical term or geographic name entry element | Individual processes and behavior |
| 9 (RLIN) | 18376 |
| 650 ## - SUBJECT ADDED ENTRY--TOPICAL TERM | |
| Topical term or geographic name entry element | Interpersonal processess and behavior |
| 9 (RLIN) | 18377 |
| 650 ## - SUBJECT ADDED ENTRY--TOPICAL TERM | |
| Topical term or geographic name entry element | Organizational processes and structure |
| 9 (RLIN) | 18378 |
| 700 ## - ADDED ENTRY--PERSONAL NAME | |
| Personal name | Quick, James, Campbell. |
| 9 (RLIN) | 18379 |
| 942 ## - ADDED ENTRY ELEMENTS (KOHA) | |
| Source of classification or shelving scheme | Dewey Decimal Classification |
| Koha item type | Book |
| Edition | 1st |
| Call number prefix | 658.4 NELD |
| Withdrawn status | Lost status | Source of classification or shelving scheme | Damaged status | Not for loan | Collection code | Home library | Current library | Date acquired | Inventory number | Total Checkouts | Full call number | Barcode | Date last seen | Price effective from | Koha item type |
|---|---|---|---|---|---|---|---|---|---|---|---|---|---|---|---|
| Dewey Decimal Classification | MBA | St Aloysius Institute of Management & Information Technology | St Aloysius Institute of Management & Information Technology | 07/16/2021 | Bill no:; Bill dt:1900-01-00 | 658.4 NELD | MBA00747 | 05/23/2026 | 07/16/2021 | Book |